• 首页
  • 本馆介绍
  • 公告通知
  • 最新文献
  • 馆藏检索
  • 电子资源
  • 读者导购
  • 参考咨询
  • 我的图书馆
  • 登录
  • 详细信息显示
  • 放入我的书架
  • 预约/预借图书
  • 作者相关作品
  • 分类相关作品
  • 丛书相关作品
  • 出版社相关作品

书目信息

  • 表格格式
  • 工作单格式
  • 卡片格式
题名:
国家教师资格考试
    
 
作者: 粉笔教师 , 粉笔教师 编著
分册: 下   教育教学知识与能力极致真题
出版信息: 北京   电子工业出版社  2021
页数: 226页
开本: 26cm
丛书名:
单 册:
中图分类: G451.1 , G625.1-44
科图分类:
主题词: 教师--资格考试--自学参考资料 , 小学教师--教学能力--资格考试--题解
电子资源:
ISBN: 978-7-121-41147-2
000 00944nam0 2200277 45
001 012001003184
005 20221208091816.28
010    @a978-7-121-41147-2@dCNY19.00
100    @a20220905d2021 em y0chiy50 ea
101 0  @achi
102    @aCN@b110000
105    @aa q 000yy
106    @ar
200 1  @a国家教师资格考试@Aguo jia jiao shi zi ge kao shi@i教育教学知识与能力极致真题@i小学@h下@f粉笔教师编著@FFen Bi Jiao Shi Bian Zhu@PFBJSBZ
210    @a北京@c电子工业出版社@d2021
215    @a226页@c图@d26cm
300    @a粉笔教育
330    @a本书收录了2015-2021年教师资格考试《教育教学知识与能力》(小学)12套真题及解析。
606 0  @a教师@x资格考试@j自学参考资料
606 0  @a小学教师@x教学能力@x资格考试@j题解
690    @aG451.1@v5
690    @aG625.1-44@v5
701  0 @a粉笔教师@Afen bi jiao shi@4编著
701  0 @a粉笔教师@Afen bi jiao shi@4编著
801  0 @aCN@bAHXH@c20221111
905    @b1375795-9@dG451.1@e561:2@f5
    
    国家教师资格考试.教育教学知识与能力极致真题.小学.下/粉笔教师编著.-北京:电子工业出版社,2021
    226页:图;26cm
    粉笔教育
    
    ISBN 978-7-121-41147-2:CNY19.00
    本书收录了2015-2021年教师资格考试《教育教学知识与能力》(小学)12套真题及解析。
●
相关链接 在E读中查询图书 在五车中查询图书 在当当中查询图书 在豆瓣中查询图书


正题名:国家教师资格考试     索取号:G451.1/561:2         预约/预借

序号 登录号 条形码 馆藏地/架位号 状态 备注
1 1375795   213757950   第一样本阅览室/ [索取号:G451.1/561:2] 在馆    
2 1375796   213757969   教育系资料室/ [索取号:G451.1/561:2] 已借出,限还日期为2024.06.18
借出人:何子怡  
 
3 1375797   213757978   教育系资料室/ [索取号:G451.1/561:2] 在馆    
4 1375798   213757987   第四借阅区/ [索取号:G451.1/561:2] 在馆    
5 1375799   213757996   第四借阅区/ [索取号:G451.1/561:2] 在馆    
唐山师范学院图书馆 欢迎您!
大连网信软件有限公司© 版权所有